Sports Quiz

Random Sports or Football Quiz
Score 0/50 Timer 05:00
7 Plays Today
% Correct
Tom Brady
97.3%
Tom Brady
97.3%
Tom Brady
97.3%
Tom Brady
97.3%
Tom Brady
97.3%
Tom Brady
97.3%
Tom Brady
97.3%
Tom Brady
97.3%
Tom Brady
97.3%
Tom Brady
97.3%
Tom Brady
97.3%
Tom Brady
97.3%
Tom Brady
97.3%
Tom Brady
97.3%
Aaron Rodgers
79.6%
Drew Brees
76.4%
Dak Prescott
76.4%
Dak Prescott
76.4%
Dak Prescott
75.7%
Dak Prescott
75.7%
Dak Prescott
75.7%
Dak Prescott
75.6%
Dak Prescott
75.6%
Dak Prescott
75.6%
Dak Prescott
75.6%
% Correct
Julio Jones
67.7%
Matthew Stafford
65.7%
Larry Fitzgerald
59.4%
Von Miller
57.7%
Von Miller
57.7%
Odell Beckham Jr
56.3%
Odell Beckham Jr
56.3%
Harrison Smith
56.1%
Harrison Smith
56.1%
Carson Wentz
55.4%
Carson Wentz
54.8%
Marcus Mariota
53%
Marshawn Lynch
48.5%
Marshawn Lynch
48.5%
Marshawn Lynch
48.5%
Marshawn Lynch
48.5%
Marshawn Lynch
48.5%
Marshawn Lynch
48.5%
Marshawn Lynch
48.5%
Ezekiel Elliott
47.4%
Christian McCaffrey
36.4%
Deshaun Watson
23.1%
Eric Berry
15.2%
Eric Berry
15.2%
James Conner
11.8%
Remove Ads.
Support Sporcle.
Get the best of Sporcle when you Go Orange. This ad-free experience offers more features, more stats, and more fun while also helping to support Sporcle. Thank you for becoming a member.

You're not logged in!

Compare scores with friends on all Sporcle quizzes.
OR
Log In

Sporcle TV

Today on Sporcle TV


Watch our educational content, quiz creation guides, and fun videos on Sporcle TV.

Show Comments

Extras

Top Quizzes Today


Score Distribution

Paid Content

Your Account Isn't Verified!

In order to create a playlist on Sporcle, you need to verify the email address you used during registration. Go to your Sporcle Settings to finish the process.

Report this User

Report this user for behavior that violates our Community Guidelines.

Details: